| 000 | 00516nam a2200181Ia 4500 | ||
|---|---|---|---|
| 003 | GCL | ||
| 008 | 140319s9999 xx 000 0 ara d | ||
| 040 |
_aGCL / _cGCL |
||
| 082 | 0 | 4 |
_a251 _bز ا |
| 100 | 1 | _aزكى الدين شعبان | |
| 245 | 1 | 0 |
_aاصول الفقه الاسلامى / _cزكى الدين شعبان |
| 300 | _a355 | ||
| 490 |
_aكتاب _v0 |
||
| 650 | 0 | 4 | _aالفقه الاسلامى |
| 650 | 0 | 4 | _aالاستنباط |
| 650 | 0 | 4 | _aالاجتهاد (فقة اسلامى) |
| 942 |
_2ddc _cBK |
||
| 999 |
_c43184 _d43184 |
||